000 01023nam a2200229Ia 4500
003 GCL
008 140319s9999 xx 000 0 ara d
040 _aGCL /
_cGCL
082 0 4 _aط
_b813.087
_bد ح
100 1 _aمحمود حامد
245 1 0 _aحكايات من المدينة البحرية : صندوق الكنز-مزرعة الحيوانات البحرية-زيارة النجم الاخضر-الباب الجديد-احلام حصان البحر-الاخطبوط الصغير-حلو ولذيذ جدا-بيت الالعاب-سباق عجيب غريب-شبكة الصياد /
_cمحمود حامد
700 1 _aابراهيم حامد
700 1 _aمدحت عبد السميع
250 _aالاولى
260 _a[S.N] :
_bدار الكتاب المصرى ،
_c1991
300 _aمتعدد ؛
_c24 سم
490 _aحكايات من المدينة البحرية
_v0
650 0 4 _aالاطفال
650 0 4 _aقصص الاطفال
650 0 4 _aالقصص الخرافية
942 _2ddc
_cBK
999 _c56643
_d56643